000 01891cam a2200421 i 4500
001 EDZ0000109421
003 StDuBDS
005 20161031105119.0
006 m||||||||d||||||||
007 cr |||||||||||
008 121130s2014 caua fo| 001|0|eng|d
020 _a9781446270356 (ebook) :
_cNo price
040 _aStDuBDS
_beng
_cStDuBDS
_erda
_epn
049 _aAlfaisal Main Library
050 4 _aRC343
082 0 4 _a612.8
_223
100 1 _aDickter, Cheryl L.,
_eauthor.
245 1 0 _aEEG methods for social and personality psychology /
_cCheryl L. Dickter and Paul D. Kieffaber.
264 1 _aThousand Oaks, California :
_bSAGE Publications,
_c2014.
300 _a1 online resource (vii, 168 pages) :
_billustrations (black and white)
336 _atext
_2rdacontent
336 _astill image
_2rdacontent
337 _acomputer
_2rdamedia
338 _aonline resource
_2rdacarrier
504 _aIncludes bibliographical references and index.
520 8 _aThis book provides an introduction to the technology and techniques of EEG in the context of social neuroscience research that will appeal to investigators (students or researchers) wishing to broaden their research aims to include EEG, and to those already using EEG but wishing to expand their analytic repertoire.
521 _aSpecialized.
588 _aDescription based on online resource; title from home page (viewed on December 10, 2014).
650 0 _aElectroencephalography.
650 0 _aNeurosciences
_xResearch
_xMethodology.
650 0 _aSocial sciences
_xResearch
_xMethodology.
655 7 _aElectronic books.
_2local
700 1 _aKieffaber, Paul D.,
_eauthor.
710 2 _aSage eBooks
776 0 8 _iPrint version :
_z9781446249239
856 4 0 _uhttp://ezproxy.alfaisal.edu/login?url=http://sk.sagepub.com/books/eeg-methods-of-social-and-personality-psychology
942 _2lcc
_cEBOOKS
999 _c479576
_d479576